Statistiques concernant Classement des arénas de la LHJMQ

Cliquez ici pour prendre le quiz!

Statistiques générales

  • Ce quiz a été pris 66 fois
  • Le résultat moyen est 4 sur 10

Statistiques - réponses

PositionSpectateursAréna (Équipe)% Correct
118 259Centre Vidéotron (Remparts)
98%
74 415Colisée Financière Sun Life (Océanic)
44%
38 800Centre Avenir (Wildcats)
42%
210 595Halifax Metro Centre (Mooseheads)
38%
84 125Centre Gervais Auto (Cataractes)
35%
46 297Harbour Station (Sea Dogs)
35%
103 646Palais des Sports Léopold-Drolet (Phoenix)
35%
64 724Centre Georges-Vézina (Saguenéens)
31%
93 717Charlottetown Civic Centre (Islanders)
31%
55 000Centre 200 (Screaming Eagles)
23%

Distribution des résultats

Percentile par nombre de réponses

% des personnes avec chaque résultat

Votre développement - résultats

Vous n’avez pas pris ce quiz